|
|
|
|
| LEADER |
00000cam a2200000 a 4500 |
| 001 |
vtls001428419 |
| 003 |
SK-MaSNL |
| 005 |
20260302001821.0 |
| 008 |
250313s1943 xo 000 f slo |
| 015 |
|
|
|a SNBA19421945-129/3108
|
| 035 |
|
|
|a SNK000383416
|
| 035 |
|
|
|a urn:nbn:sk:snk-am3hve6
|
| 035 |
|
|
|a 421FA231-3813-4A4B-A783-2C2FB7E15C7D
|
| 035 |
|
|
|a urn:nbn:sk:snk-am00dad0
|
| 040 |
|
|
|a SNK
|b slo
|c SNK
|e AACR2
|
| 041 |
0 |
|
|a slo
|
| 044 |
|
|
|a xo
|c SK
|
| 080 |
|
|
|a 821.162.4-31
|2 2001
|
| 080 |
|
|
|a 821-311.6
|2 2001
|
| 100 |
1 |
|
|a Vojtáš, Matej,
|d 1904-1968
|4 aut
|9 9057
|
| 245 |
1 |
|
|a Tatárska pohroma
|b historický román
|n Kniha tretia
|p Vyvrátený trón
|c Matej Vojtáš
|
| 246 |
3 |
0 |
|a Vyvrátený trón
|
| 260 |
|
|
|a Turčiansky Sv. Martin
|b Neografia
|c 1943
|e Turčiansky Sv. Martin
|f Neografia
|
| 300 |
|
|
|a 206, [1] s.
|c 8°
|
| 490 |
1 |
|
|a Nová kniha
|v sv. 10
|
| 655 |
|
7 |
|a slovenské romány
|2 SNKPH
|9 70324
|
| 655 |
|
7 |
|a historické romány
|2 SNKPH
|9 70253
|
| 752 |
|
|
|a Slovensko
|d Martin
|
| 830 |
|
0 |
|a Nová kniha
|9 426358
|
| 852 |
|
|
|a Slovenská národná knižnica
|
| 954 |
|
|
|a beletria pôvodná (slovenská)
|2 lita
|
| 958 |
|
|
|a DG
|
| 958 |
|
|
|a OND
|
| 999 |
|
|
|c 985461
|d 987391
|
| 952 |
|
|
|a SNK
|b SNK
|y PREZ
|7 0
|p 17A0330966
|o snkSD 4604/10 D2
|i snkF 872/63
|8 5
|0 0
|1 0
|4 0
|d 2002-02-04
|l 0
|r 2005-01-02 00:00:00
|w 2026-02-24
|
| 952 |
|
|
|a SNK
|b SNK
|y PREZ
|7 0
|p 17A0907765
|o snkSD 4604/10
|i snkI. 1547/43
|0 0
|1 0
|4 0
|d 2018-05-11
|f 1
|l 0
|r 2025-11-11 00:00:00
|w 2026-02-24
|
| 952 |
|
|
|a SNK
|b SNK
|y PREZ
|7 0
|p 17A0907771
|o snkSD 4604/10 D1
|i snkD 2785/61
|8 1
|0 0
|1 0
|4 0
|d 2018-05-11
|l 0
|r 2026-02-24 11:31:44
|w 2026-02-24
|